| 000 | 00461nam a2200181 a 4500 | ||
|---|---|---|---|
| 001 | 5904 | ||
| 003 | CDMR | ||
| 005 | 20130220142514.0 | ||
| 008 | 130220s1991||||||||||||||||||||||||||||d | ||
| 040 |
_aCDMR _bcat _cCDMR |
||
| 100 | 1 |
_aBonada, Lluís _92919 |
|
| 245 | 1 | 0 |
_aJosep Pla _cLluís Bonada |
| 260 |
_aBarcelona _bEmpúries _c1991 |
||
| 300 |
_a171 p ; _c17 cm |
||
| 490 | 0 |
_aBiografies _v4 _92920 |
|
| 650 |
_aPeriodistes catalans _vBiografies _94 |
||
| 942 | _cMON | ||
| 999 |
_c5904 _d5904 |
||